| 000 | 00874nam a2200217Ii 4500 | ||
|---|---|---|---|
| 003 | JO-AjNU | ||
| 008 | 230605s9999||||xx |||||||||||||| ||und|| | ||
| 040 |
_aJO-AjNU _bara _erda _cJO-AjNU |
||
| 041 | _aara | ||
| 050 | 1 | 4 | _aPN4500 2007 |
| 100 | 3 |
_aزهدي، عبد الرؤوف ؛ أبوزيد، سامي , _eauthor _923634 |
|
| 245 | 0 | 0 | _aفن المقالة |
| 250 | _aط1 | ||
| 264 | 3 | 1 | _aعمان: دار حنين للنشر والتوزيع، 2007 ؛ الكويت: مكتبة الفلاح للنشر والتوزيع، 2007 |
| 300 | _a214ص | ||
| 336 |
_atext _btxt _2rdacontent |
||
| 337 |
_aunmediated _bn _2rdamedia |
||
| 338 |
_avolume _bnc _2rdacarrier |
||
| 490 | 0 | _aسلسلة مهارات اللغة العربية مهارات الكتابة (2) | |
| 650 | 4 |
_aالأدب العربي - مهارات اللغه العربية - فن المقالة _923635 |
|
| 999 |
_aA8578 _c12146 _d12146 |
||